00780nam a22002297a 450000500170000001000130001702000220003003500130005203700160006504000120008108200160009310000240010924500850013326000390021827000530025730000200031065000270033065000260035794200250038399900190040895201230042720170124105930.0 aB-209637 a8187248726c00.00 aB-209637 bCen Lib/Ret aDPLbEN a332.45bKHA aKhanna, Kewal97938 aNew era in Indian economy :cby Kewal Khannabmega economic policy highlights / aJaipurbRaj Publishing Housec2003 a44, Parnami Mandir, Govind MargbJaipure2622141 a194p.c22cm(Hb) aEconomic history96496 aEconomic policy93998 2ddccENh332.45mKHA c123758d123758 00104070aLbLd2015-06-11eCen Lib/Retg0.00l0o332.45 KHApB-209637r2015-06-11 00:00:00t1v0.00w2015-06-11yEN